00735 2200289 4500001002100000005001700021006001900038008004100057020002200098035002500120090001400145100001700159245003400176260003300210700001500243990001700258990001700275990001700292990001700309990001700326990001700343990001700360990001700377990001700394990001700411990001700428INLIS00000000000848820140311141930.0a ||| | 180719| ||| |  a978-979-063-634-7 a0010-081300000000125 a813 GOL p0 aTias Tatanka00aPetualangan Kuli Panti Asuhan aJakartabZaikrul Hakimc20110 aGol A Gong a8655/PN/2013 a9011/PN/2013 a8655/PN/2013 a9011/PN/2013 a8655/PN/2013 a8655/PN/2013 a9011/PN/2013 a8655/PN/2013 a9011/PN/2013 a9011/PN/2013 a8655/PN/2013